Legality of a "State of war" after the cessation of hostilities, under the charter of the United Nations and the Convenant of the League of Nations (Record no. 365251)

000 -LEADER
fixed length control field 00478cam a22001337a 4500
008 - FIXED-LENGTH DATA ELEMENTS--GENERAL INFORMATION
fixed length control field 180718b1961 xxu||||| |||| 00| 0 eng d
082 ## - DEWEY DECIMAL CLASSIFICATION NUMBER
Classification number D4 F3271
100 ## - MAIN ENTRY--PERSONAL NAME
Personal name Feinberg, Nathan
245 ## - TITLE STATEMENT
Title Legality of a "State of war" after the cessation of hostilities, under the charter of the United Nations and the Convenant of the League of Nations
Statement of responsibility, etc. by Nathan Feinberg
260 ## - PUBLICATION, DISTRIBUTION, ETC.
Place of publication, distribution, etc. Jerusalem
Name of publisher, distributor, etc. Magnes Press
Date of publication, distribution, etc. 1961
300 ## - PHYSICAL DESCRIPTION
Extent 86p.
500 ## - GENERAL NOTE
General note 8/-
650 ## - SUBJECT ADDED ENTRY--TOPICAL TERM
Topical term or geographic name entry element War (International law)
Holdings
Withdrawn status Lost status Damaged status Not for loan Permanent Location Current Location Date acquired Full call number Barcode Date last seen Price effective from Koha item type
        Indian Institute of Public Administration Indian Institute of Public Administration 1994-04-18 D4 F3271 30262 2018-07-21 2018-07-21 Book

Powered by Koha